LIBRARY & INFORMATION CENTRE, KCAET, TAVANUR

ONLINE PUBLIC ACCESS CATALOGUE (OPAC)

Civil engineering hydraulics / (Record no. 1495)

MARC details
000 -LEADER
fixed length control field 00509cam a2200193ua 4500
020 ## - INTERNATIONAL STANDARD BOOK NUMBER
ISBN 0-7131-3573-5
041 ## - LANGUAGE CODE
Language code of text/sound track or separate title eng
082 ## - DEWEY DECIMAL CLASSIFICATION NUMBER
Classification number 532.01624
Item number FRA/CI
100 ## - MAIN ENTRY--AUTHOR NAME
Personal name Francis, J R D .
245 ## - TITLE STATEMENT
Title Civil engineering hydraulics /
260 ## - PUBLICATION, DISTRIBUTION, ETC. (IMPRINT)
Place of publication :
Name of publisher Arnold International Student Edition ,
Year of publication 1986.
300 ## - PHYSICAL DESCRIPTION
Number of Pages 387 ; .
700 1# - ADDED ENTRY--PERSONAL NAME
Personal name Mintan, P .
942 ## - ADDED ENTRY ELEMENTS (KOHA)
Koha item type Books
Holdings
Withdrawn status Lost status Damaged status Home library Current library Date acquired Full call number Accession Number Koha item type
      KAUAET KAUAET 07/04/2012 532.01624 FRA/CI 16790 Books
      KAUAET KAUAET 07/04/2012 532.01624 FRA/CI 16791 Books
free website counter